LIBRARY & INFORMATION CENTRE, KCAET, TAVANUR

ONLINE PUBLIC ACCESS CATALOGUE (OPAC)

Janthu Rogangal / (Record no. 10861)

MARC details
000 -LEADER
fixed length control field 00309cam a2200121ua 4500
082 ## - DEWEY DECIMAL CLASSIFICATION NUMBER
Classification number 636.089
Item number SRE/JA
100 ## - MAIN ENTRY--AUTHOR NAME
Personal name Sreenivasan, K. N .
245 ## - TITLE STATEMENT
Title Janthu Rogangal /
250 ## - EDITION STATEMENT
Edition statement 1 /
260 ## - PUBLICATION, DISTRIBUTION, ETC. (IMPRINT)
Place of publication Thiruvananthapuram :
Name of publisher State Instititute of Languages ,
Year of publication 1973.
300 ## - PHYSICAL DESCRIPTION
Number of Pages 134 ; .
942 ## - ADDED ENTRY ELEMENTS (KOHA)
Koha item type Books
Holdings
Withdrawn status Lost status Damaged status Home library Current library Date acquired Full call number Accession Number Koha item type
      KAUAET KAUAET 07/04/2012 636.089 14045 Books
      KAUAET KAUAET 07/04/2012 636.089 14388 Books
      KAUAET KAUAET 07/04/2012 636.089 14385 Books
      KAUAET KAUAET 07/04/2012 636.089 14047 Books
      KAUAET KAUAET 07/04/2012 636.089 14387 Books
      KAUAET KAUAET 07/04/2012 636.089 14386 Books
free website counter